El apóstol de Tierra Caliente, fray Juan Bautista Moya : semblanza biográfica, 1538-1938 /
Biografía de fray Juan Bautista Moya (1504-1567), agustino apóstol de Tierra Caliente. Llegó a Nueva España con el segundo grupo de agustinos. Enviado a Michoacán (1552) y habiendo sido refitolero, albañil y sobrestante en Valladolid, y lector de teología en Tiripitío, fue prior de Tacámbaro y, term...
Furkejuvvon:
| Váldodahkki: | |
|---|---|
| Materiálatiipa: | Girji |
| Giella: | espánnjágiella |
| Fáttát: | |
| Fáddágilkorat: |
Eai fáddágilkorat, Lasit vuosttaš fáddágilkora!
|
MARC
| LEADER | 00000nam^a2200000^a^4500 | ||
|---|---|---|---|
| 001 | 000117483 | ||
| 005 | 20250521000000.0 | ||
| 009 | 20260310094208.285 | ||
| 037 | |a Acervo ITESO - Biblioteca | ||
| 041 | |a ESP | ||
| 082 | |a 972. 3703 |b NAV | ||
| 100 | |a Navarrete, Nicolás P. |e (autor) | ||
| 245 | 1 | 3 | |a El apóstol de Tierra Caliente, fray Juan Bautista Moya : |b semblanza biográfica, 1538-1938 / |c N.P. Navarrete ; carta pastoral de Manuel Pío López. |
| 264 | |a México : |b Aside, |c 1938 | ||
| 300 | |a 85 p. | ||
| 336 | |a texto |b txt |2 rdacontenido | ||
| 337 | |a sin mediación |b n |2 rdamedio | ||
| 338 | |a volumen |b nc |2 rdasoporte | ||
| 520 | |a Biografía de fray Juan Bautista Moya (1504-1567), agustino apóstol de Tierra Caliente. Llegó a Nueva España con el segundo grupo de agustinos. Enviado a Michoacán (1552) y habiendo sido refitolero, albañil y sobrestante en Valladolid, y lector de teología en Tiripitío, fue prior de Tacámbaro y, terminado su priorato, empezó su gran obra misional. Con su palabra y su vida ejemplar obtiene la conversión de los indios tarascos mexicanos. Mostró grane habilidad en construir iglesias, conventoy y pueblos, urbanizando los diversos poblados de los indios. | ||
| 649 | |a XX | ||
| 650 | |a Agustinos - |x Biografías | ||
| 650 | |a Evangelizadores Españoles - |x Biografías | ||
| 650 | |a Religiosos Españoles - |x Biografías | ||
| 650 | |a Agustinos en Michoacán - |x Historia - |y Epoca Colonial, 1517-1821 | ||
| 650 | |a Agustinos en México - |x Historia - |y Epoca Colonial, 1517-1821 | ||
| 650 | |a Monasticismo y Ordenes Religiosas - |z Michoacán - |x Historia - |y Epoca Colonial, 1517-1821 | ||
| 650 | |a Monasticismo y Ordenes Religiosas - |z México - |x Historia - |y Epoca Colonial, 1517-1821 | ||
| 650 | |a Evangelización - |z Michoacán - |x Historia - |y Epoca Colonial, 1517-1821 | ||
| 650 | |a Evangelización - |z México - |x Historia - |y Epoca Colonial, 1517-1821 | ||
| 650 | |a Misiones - |z Michoacán - |x Historia - |y Epoca Colonial, 1517-1821 | ||
| 650 | |a Misiones - |z México - |x Historia - |y Epoca Colonial, 1517-1821 | ||
| 650 | |a Iglesia Católica en Michoacán - |x Historia | ||
| 650 | |a Iglesia Católica en México | ||
| 650 | |a Catolicismo | ||
| 650 | |a Cristianismo | ||
| 650 | |a Religión | ||
| 650 | |a Tarascos - |x Historia | ||
| 650 | |a Indígenas de México - |z Michoacán - |x Historia | ||
| 650 | |a Indígenas de México - |x Historia | ||
| 650 | |a Michoacán - |x Historia - |y Virreinato, 1535-1821 | ||
| 650 | |a Michoacán - |x Historia - |y Epoca Colonial, 1517-1821 | ||
| 650 | |a México - |x Historia - |y Virreinato, 1535-1821 | ||
| 650 | |a México - |x Historia - |y Epoca Colonial, 1517-1821 | ||
| 910 | |a Fondo Salvador Reynoso Reynoso | ||
| 920 | |a Impresos - Libros | ||
| 930 | |a Fondos Especiales | ||
| 905 | |a 112 | ||
| 901 | |a 0800004199 |b IT2 |c ESP |u 20250521 | ||
| 902 | |a https://opac.biblio.iteso.mx/vufind/Record/000117483 | ||